| Поле | Инд. | ПП | Название | Значение |
|---|---|---|---|---|
| Тип записи | a | |||
| Библиографический уровень | m | |||
| 001 | Контрольный номер | 5d453014-94d6-4e9e-8acd-d2219238a9cf | ||
| 005 | Дата корректировки | 20111130161059.4 | ||
| 008 | Кодируемые данные | 960430 d | ||
| 020 | a | ISBN | 5-85583-017-9 | |
| c | Цена, тираж | 3750.00 | ||
| 040 | a | Служба первич. каталог. | НБ ТвГУ | |
| 041 | a | Код языка текста | rus | |
| 080 | a | Индекс УДК | 640.1 | |
| 084 | a | Индекс другой классификации/Индекс ББК | М79 | |
| 090 | x | Авторский знак | Р89 | |
| a | Полочн. индекс | М79 | ||
| 245 | 10 | a | Заглавие | Русский дом |
| b | Продолж. заглавия | Советы, рецепты, хитрости - хозяину и хозяйке | ||
| 260 | 0_ | a | Место издания | Ташкент |
| b | Издательство | ККЖИ "Правда Востока" | ||
| c | Дата издания | 1993 | ||
| 300 | a | Объем | 239 с. | |
| b | Иллюстрации/ тип воспроизводства | цв. ил. | ||
| 650 | a | Основная рубрика | Домоводство | |
| 653 | a | Ключевые слова | Домоводство | |
| 852 | t | Порядковый номер экземпляра | 1 | |
| p | Инвентарный номер | 653772 | ||
| 852 | t | Порядковый номер экземпляра | 1 | |
| p | Инвентарный номер | 653773 | ||
| 954 | a | Дата поступления на обработку | 23.02.95 | |
| 999 | a | Подразделение 2 | аб. | |
| a | Подразделение 2 | Фил2 |